Μελέτη δικτύων εκπομπής (Broadcasting networks) : πτυχιακή εργασία

Η τηλεόραση είναι το πιο διαδεδομένο μέσο σε όλο τον κόσμο. Αποτελεί έναν τρόπο επικοινωνίας, ενημέρωσης, και ψυχαγωγίας. Δεν είναι μόνο μια συσκευή αλλά ένα ολόκληρο σύστημα τηλεπικοινωνίας που χρησιμεύει στη μετάδοση και λήψη κινούμενων εικόνων και ήχου εξ αποστάσεως Στη σημερινή εποχή τα περισσότ...

Πλήρης περιγραφή

Αποθηκεύτηκε σε:
Λεπτομέρειες βιβλιογραφικής εγγραφής
Κύριος συγγραφέας: Θεοδοσοπούλου, Μαρία
Συγγραφή απο Οργανισμό/Αρχή: Πανεπιστήμιο Αιγαίου. Σχολή Θετικών Επιστημών. Τμήμα Μηχανικών Πληροφοριακών και Επικοινωνιακών Συστημάτων
Μορφή: Thesis Βιβλίο
Γλώσσα:Greek
Δημοσίευση: 2008.
Θέματα:
Διαθέσιμο Online:http://hdl.handle.net/11610/8917
Ετικέτες: Προσθήκη ετικέτας
Δεν υπάρχουν, Καταχωρήστε ετικέτα πρώτοι!

MARC

LEADER 00000cam a2200000 i 4500
001 1/95367
008 081014s2008 gr | ||| |||| ||gre||
035 |l 10100865 
040 |a GR-MyUA  |b gre  |e AACR2 
041 0 |a gre 
082 0 |a 621.388   |2 (22)  
100 1 |a Θεοδοσοπούλου, Μαρία. 
245 1 0 |a Μελέτη δικτύων εκπομπής (Broadcasting networks) :   |b πτυχιακή εργασία /   |c της Μαρίας Θεοδοσοπούλου ; επιβλέπων καθηγητής, Χαράλαμπος Σκιάνης.  
260 |c 2008.  
300 |a 119 σ. :   |b εικ. ;   |c 30 εκ.  
502 |a Πτυχιακή εργασία – Πανεπιστήμιο Αιγαίου, Σάμος, 2008.  
504 |a Βιβλιογραφία: σ. 118-119.  
506 0 |a Διάθεση πλήρους κειμένου ;   |d Ενδοπανεπιστημιακή δημοσίευση.  
520 |a Η τηλεόραση είναι το πιο διαδεδομένο μέσο σε όλο τον κόσμο. Αποτελεί έναν τρόπο επικοινωνίας, ενημέρωσης, και ψυχαγωγίας. Δεν είναι μόνο μια συσκευή αλλά ένα ολόκληρο σύστημα τηλεπικοινωνίας που χρησιμεύει στη μετάδοση και λήψη κινούμενων εικόνων και ήχου εξ αποστάσεως Στη σημερινή εποχή τα περισσότερα δίκτυα διανομής τηλεοπτικών προγραμμάτων είναι αναλογικά. Παρόλ αυτά έχουν αναπτυχθεί συστήματα που παρέχουν μετάδοση ψηφιακής τηλεόρασης. Τα συστήματα αυτά τώρα αρχίζουν να εφαρμόζονται και σε μερικά χρόνια αναμένεται να έχουν αντικαταστήσει τα αναλογικά συστήματα. Τα ψηφιακά συστήματα έχουν πολλά πλεονεκτήματα έναντι των αναλογικών. Το κυριότερο από αυτά είναι η παροχή καλύτερης ποιότητας ήχου και εικόνας. Παράλληλα όμως, τα τελευταία χρόνια με τη ραγδαία ανάπτυξη της τεχνολογίας μετάδοσης σημάτων μέσω των κινητών τηλεφώνων και την μεγάλη αποδοχή τους από τον κόσμο, άρχισαν να αναπτύσσονται και πρότυπα που αφορούν στην μετάδοση τηλεόρασης στα κινητά τηλέφωνα και σε άλλες φορητές συσκευές. Η τηλεόραση που παρέχεται μέσω κινητών τηλεφώνων είναι και αυτή ψηφιακή τηλεόραση. Οι τρόποι μετάδοσης και οι μέθοδοι λήψης είναι διαφορετικοί σε όλα αυτά τα πρότυπα. Ο σκοπός της εργασίας λοιπόν είναι να αναφερθεί στην ψηφιακή τηλεόραση γενικά και πιο ειδικά να παρουσιάσει κάποια από τα πρότυπα που έχουν αναπτυχθεί για την υλοποίηση της. Επιπλέον αναλύει και τα πρότυπα που έχουν αναπτυχθεί για την παροχή ψηφιακής τηλεόρασης σε κινητές συσκευές. Πιο συγκεκριμένα στο πρώτο κεφάλαιο γίνεται μια αναφορά στα αναλογικά συστήματα μετάδοσης και παρουσιάζεται η ψηφιακή τηλεόραση που αποτελεί το μέλλον στα συστήματα μετάδοσης. Στα επόμενα κεφάλαια αναλύονται τα πρότυπα της ψηφιακής τηλεόρασης σε κινητές συσκευές, τα οποία είναι DVB-H, MediaFLO που αναπτύχθηκε από την Qualkomm, Oneseg, DMB, και MBMS. Στο έβδομο κεφάλαιο αναλύεται η IPTV, η οποία είναι μια μέθοδος μετάδοσης ψηφιακής τηλεόρασης βασισμένη σε δίκτυα IP που χρησιμοποιούνται στα δίκτυα υπολογιστών και στο τελευταίο κεφάλαιο παρουσιάζεται το πρότυπο DVB-T το οποίο ένα πρότυπο επίγειας μετάδοσης που αναπτύχθηκε από τον ευρωπαϊκό οργανισμό DVB. 
610 2 0 |a University of the Aegean  |x Dissertations. 
650 0 0 |a Digital television. 
650 0 0 |a Dissertations, Academic  |z Greece. 
700 1 |a Σκιάνης, Χαράλαμπος,  |e dgs 
710 2 |a Πανεπιστήμιο Αιγαίου.   |b Σχολή Θετικών Επιστημών.   |b Τμήμα Μηχανικών Πληροφοριακών και Επικοινωνιακών Συστημάτων. 
852 |a INST  |b SAMOS  |c DIATR  |e 20081014  |h 621.388 ΘΕΟ  |p 005300029862  |q 005300029862  |t DIE  |y 23 
852 |a INST  |b SAMOS  |c DIATR  |e 20081014  |h 621.388 ΘΕΟ  |p 005300029863  |q 005300029863  |t DIE  |y 23 
856 |u http://hdl.handle.net/11610/8917 
901 |a BIBL3-2008-3 
909 |a Σ  |b 134891 
909 |a Σ  |b 134892 
924 |a ΘΕΟΔΟΣΟΠΟΥΛΟΥ  |b ΜΑΡΙΑ  |y Σάμος  |z 2008-09 
970 |a ΚΟΣΙΕΡΗΣ  |b ΧΡΗΣΤΟΣ  |z 2008/10/14